| 000 | 00547nam a2200193 a 4500 | ||
|---|---|---|---|
| 005 | 20140310183344.0 | ||
| 008 | 070305s19uu xx 00 eng d | ||
| 020 | _a9789814195454 | ||
| 050 |
_aQA 76.76.J38 _b.M35 2007 |
||
| 100 | _aMalik, D.S. | ||
| 245 |
_aJava Programming : _bfrom problem analysis, to program design / |
||
| 250 | _a2nd ed. | ||
| 260 |
_aAustralia : _bThomson Course Technology, _c2007. |
||
| 300 |
_a1103 p. : _bill. ; _c22 cm. |
||
| 521 | _aIT | ||
| 650 | _aJava Programming. | ||
| 942 |
_cBK _2lcc _kFOR |
||
| 999 |
_c21907 _d21907 |
||